LEADER 00765nam0-22002771i-450- 001 990000108430403321 035 $a000010843 035 $aFED01000010843 035 $a(Aleph)000010843FED01 035 $a000010843 100 $a20011111d--------km-y0itay50------ba 101 0 $aita 105 $ay-------001yy 200 1 $aMemoire sur la reconstruction de la cupole de la Halle au bled de Paris 210 $aA Paris$cChéz l'auteur$d1803 215 $a34 p., 3 tav.$cill.$d27 cm 610 0 $aParigi$a<> Halle$aCupola 676 $a624.177 5 700 1$aRondelet,$bJean 801 0$aIT$bUNINA$gRICA$2UNIMARC 901 $aBK 912 $a990000108430403321 952 $a13 AR 18 B 52$b4088$fFINBC 959 $aFINBC 997 $aUNINA DB $aING01 LEADER 04165oam 22007214a 450 001 9910781316303321 005 20230221194634.0 010 $a1-57506-590-8 024 7 $a10.1515/9781575065908 035 $a(CKB)2550000000039250 035 $a(EBL)3155545 035 $a(OCoLC)939263445 035 $a(SSID)ssj0000645002 035 $a(PQKBManifestationID)12240450 035 $a(PQKBTitleCode)TC0000645002 035 $a(PQKBWorkID)10680308 035 $a(PQKB)10933067 035 $a(Au-PeEL)EBL3155545 035 $a(CaPaEBR)ebr10483393 035 $a(DE-B1597)583980 035 $a(DE-B1597)9781575065908 035 $a(OCoLC)1273306790 035 $a(MdBmJHUP)musev2_80936 035 $a(MiAaPQ)EBC3155545 035 $a(OCoLC)1262307674 035 $a(EXLCZ)992550000000039250 100 $a20081105d2008 uy 0 101 0 $aeng 135 $aur|n|---||||| 181 $ctxt 182 $cc 183 $acr 200 00$aBirkat Shalom$eStudies in the Bible, Ancient Near Eastern Literature, and Postbiblical Judaism Presented to Shalom M. Paul on the Occasion of His Seventieth Birthday /$fed. by Chaim Cohen ... [et al.] 210 1$aWinona Lake, Ind. :$cEisenbrauns,$d2008. 210 4$d©2008. 215 $a1 online resource (1122 p.) 300 $aDescription based upon print version of record. 311 $a1-57506-145-7 320 $aIncludes bibliographical references and indexes. 327 $aVolume 1; Front Cover; Front Matter; Title Page; Copyright Page; Contents; Publications of Shalom M. Paul; Abbreviations; Part 1; Chapter 1; Chapter 2; Chapter 3; Chapter 4; Chapter 5; Chapter 6; Chapter 7; Chapter 8; Chapter 9; Chapter 10; Chapter 11; Chapter 12; Chapter 13; Chapter 14; Chapter 15; Chapter 16; Chapter 17; Chapter 18; Chapter 19; Chapter 20; Chapter 21; Chapter 22; Chapter 23; Chapter 24; Chapter 25; Chapter 26; Chapter 27; Chapter 28; Chapter 29; Chapter 30; Part 2; Chapter 31; Chapter 32; Chapter 33; Chapter 34; Chapter 35; Chapter 36; Chapter 37; Chapter 38; Chapter 39 327 $aBack CoverVolume 2; Front Cover; Front Matter; Title Page; Copyright; Contents; Part 3; Chapter 40; Chapter 41; Chapter 42; Chapter 43; Chapter 44; Chapter 45; Chapter 46; Chapter 47; Chapter 48; Chapter 49; Chapter 50; Chapter 51; Chapter 52; Part 4; Chapter 53; Chapter 54; Chapter 55; Chapter 56; Chapter 57; Chapter 58; Chapter 59; Chapter 60; Chapter 61; Chapter 62; Chapter 63; Chapter 64; Chapter 65; Chapter 66; Chapter 67; Indexes; Index of Authors; Index of Scripture; Index of Words, Terms, and Expressions; Index of Nobiblical Sources; Back Cover 330 $aThis magnificent volume is a compilation of the writings of friends, colleagues, and former students in tribute to Shalom Paul, Professor Emeritus and former Chair of the Bible Department at The Hebrew University of Jerusalem. More than 60 essayists contribute new ideas in the areas of research most loved by Prof. Paul, such as biblical literature and criticism, prophecy, comparative exegesis and linguistics, ancient Near Eastern historical and cultural milieus, and biblical and Mesopotamian law.Contributors include scholars of renown such as Adele Berlin, Frank Moore Cross, William G. Dever, Michael V. Fox, William W. Hallo, Sara Japhet, André Lemaire, Carol Meyers, Jacob Milgrom, Elisha Qimron, Gary A. Rendsburg, Jack M. Sasson, Shemaryahu Talmon, Emanuel Tov, James C. VanderKam, Joan Goodnick Westenholz, and Ziony Zevit. 606 $aJudentum$2swd 606 $aJodendom$2gtt 606 $aBijbel$2gtt 606 $a15.51 Antiquity$3(NL-LeOCL)077599497$2bcl 607 $aIsrael <Altertum>$2swd 607 $aAlter Orient$2swd 607 $aMidden-Oosten$2gtt 608 $aFeestbundels (vorm) 615 07$aJudentum. 615 17$aJodendom. 615 17$aBijbel. 615 7$a15.51 Antiquity. 676 $a221.6 701 $aPaul$b Shalom M$g(Shalom Morton)$0886281 701 $aCohen$b Chaim$01084309 801 0$bMdBmJHUP 801 1$bMdBmJHUP 906 $aBOOK 912 $a9910781316303321 996 $aBirkat Shalom$93672462 997 $aUNINA LEADER 03443nam 22005175 450 001 9911011311403321 005 20251003210250.0 010 $a9783111507255 010 $a3111507254 024 7 $a10.1515/9783111507255 035 $a(CKB)36952619800041 035 $a(DE-B1597)688461 035 $a(DE-B1597)9783111507255 035 $a(MiAaPQ)EBC31894053 035 $a(Au-PeEL)EBL31894053 035 $a(OCoLC)1478578777 035 $a(EXLCZ)9936952619800041 100 $a20241216h20242025 fg 101 0 $aspa 135 $aur||||||||||| 181 $ctxt$2rdacontent 182 $cc$2rdamedia 183 $acr$2rdacarrier 200 13$aEl impacto narrativo del cuerpo humano $eLina Meruane y su ?Trilogía de la enfermedad? /$fRomina Irene Palacios Espinoza 205 $a1st ed. 210 1$aBerlin ;$aBoston :$cDe Gruyter,$d[2024] 210 4$d2025 215 $a1 online resource (XI, 205 p.) 311 08$a9783111506876 311 08$a3111506878 327 $tFrontmatter --$tAgradecimientos --$tÍndice --$tÍndice de tablas --$tIntroducción --$tCapítulo I La irrupción de lo nuevo --$tCapítulo II Modelo pendular: De cuerpo vivido a cuerpo físico --$tCapítulo III La naturaleza fáctica del cuerpo humano: Cuerpo físico --$tCapítulo IV Tiempo y temporalidad --$tCapítulo V Escrituras del cuerpo --$tConclusión: El cuerpo enfermo como desencadenante narrativo --$tBibliografía --$tÍndice conceptual 330 $aEl presente estudio es un análisis interdisciplinario, narratológico y hermenéutico de la representación literaria del cuerpo humano, que resulta del empleo de un aparato conceptual proveniente de la fenomenología, específicamente, del convenio terminológico alemán con que se señala al cuerpo humano desde dos perspectivas complementarias: Leib (cuerpo vivido) y Körper (cuerpo físico). La "Trilogía de la enfermedad" de la autora chilena Lina Meruane (Santiago, 1970), conformada por las novelas Fruta podrida (2007), Sangre en el ojo (2012) y Sistema nervioso (2018), sirve de lienzo para introducir esta herramienta heurística. Esta trilogía plantea un corpus textual fructífero, dado que los cuerpos de las protagonistas se inscriben en el marco de una experiencia corporal concreta, la enfermedad, que es entendida en este trabajo como evento que enuncia una irrupción repentina en el relato y, en consecuencia, marca la pauta narrativa e impacta los niveles estructural y discursivo. 330 $aThe book explores the representation of the human body in Chilean author Lina Meruane's "Trilogy of Sickness" (Rotten Fruit, Blood in the Eye and Nervous System). The interdisciplinary, narratological and hermeneutic analysis draws on the notions "lived body" and "physical body" to highlight how elements and forms of the human body narrative impact the narrative structure and plot development of the three novels. 606 $aLITERARY CRITICISM / Caribbean & Latin American$2bisacsh 610 $aLina Meruane. 610 $acontemporary fiction. 610 $ahuman body. 610 $aphenomenology. 615 7$aLITERARY CRITICISM / Caribbean & Latin American. 700 $aPalacios Espinoza$b Romina Irene$4aut$4http://id.loc.gov/vocabulary/relators/aut$00 801 0$bDE-B1597 801 1$bDE-B1597 906 $aBOOK 912 $a9911011311403321 996 $aEl impacto narrativo del cuerpo humano$94309613 997 $aUNINA